000 00630nam a2200241Ia 4500
003 OSt
005 20220923211830.0
006 a|||||r|||| 00| 0
007 ta
008 220922b |||||||| |||| 00| 0 hin d
024 _a59,308
037 _cTextual
040 _aARTS
_cARTS
_bhin
041 _2hin
_ahin
082 _aQ2, 152F6;K8.1-.8
100 _aदयानन्द
_9156280
245 0 _aधर्मकल्पद्रुम
246 _aDharmakalpadruma
250 _a2nd
260 _c1966
942 _hQ2, 152F6;K8.1-.8
_cTEXL
_2CC
999 _c304035
_d304035